000
00221nam a2200085Ia 4500
008
120527s9999 xx 000 0 und d
100
_a
AKIHIKO, M.
245
_a
Shrinking-population Economics Lessons from Japan
942
_c
BK
999
_c
25817
_d
25817